LEADER 01870nam 2200637Ia 450 001 9910456439703321 005 20200520144314.0 010 $a1-58729-136-3 035 $a(CKB)111004365706718 035 $a(SSID)ssj0000204357 035 $a(PQKBManifestationID)12022267 035 $a(PQKBTitleCode)TC0000204357 035 $a(PQKBWorkID)10176749 035 $a(PQKB)10848148 035 $a(SSID)ssj0000485931 035 $a(PQKBManifestationID)11313950 035 $a(PQKBTitleCode)TC0000485931 035 $a(PQKBWorkID)10430316 035 $a(PQKB)11616017 035 $a(MiAaPQ)EBC836723 035 $a(OCoLC)606931939 035 $a(MdBmJHUP)muse8978 035 $a(Au-PeEL)EBL836723 035 $a(CaPaEBR)ebr10389929 035 $a(OCoLC)776521164 035 $a(EXLCZ)99111004365706718 100 $a20020429d2003 uy 0 101 0 $aeng 135 $aurcn||||||||| 181 $ctxt 182 $cc 183 $acr 200 10$aModern Hamlets & their soliloquies$b[electronic resource] /$fMary Z. Maher ; foreword by John F. Andrews 205 $aExpanded ed. 210 $aIowa City $cUniversity of Iowa Press$dc2003 215 $axxxviii, 265 p. $cill 300 $aBibliographic Level Mode of Issuance: Monograph 311 $a0-87745-826-X 311 $a0-87745-504-X 320 $aIncludes bibliographical references. 606 $aActing 606 $aHamlet (Legendary character) 606 $aSoliloquy 608 $aElectronic books. 615 0$aActing. 615 0$aHamlet (Legendary character) 615 0$aSoliloquy. 676 $a792.9/5 700 $aMaher$b Mary Zenet$01036573 801 0$bMiAaPQ 801 1$bMiAaPQ 801 2$bMiAaPQ 906 $aBOOK 912 $a9910456439703321 996 $aModern Hamlets & their soliloquies$92456990 997 $aUNINA LEADER 01077nam a2200289 i 4500 001 991001151399707536 005 20020507184206.0 008 931002s1984 ||| ||| | ita 035 $ab10807913-39ule_inst 035 $aLE01307840$9ExL 040 $aDip.to Matematica$beng 082 0 $a531 084 $aAMS 76-XX 084 $aAMS 76W05 100 1 $aRizzo, Giacomo$0536155 245 10$aModelli MFD di un plasma. Tesi di laurea /$claureando Giacomo Rizzo ; relat. G. Pellicciardi 260 $aLecce :$bUniversità degli studi. Facoltà di Scienze. Corso di laurea in Matematica,$ca.a. 1984-85 650 4$aElectrohydrodynamics 650 4$aFluid mechanics 650 4$aMagnetohydrodynamics 700 1 $aPelliciardi, Gabriele 907 $a.b10807913$b02-04-14$c28-06-02 912 $a991001151399707536 945 $aLE013 TES 1984/85 RIZ1$g1$iLE013N-4$lle013$o-$pE0.00$q-$rl$s- $t0$u0$v0$w0$x0$y.i10912940$z28-06-02 996 $aModelli MFD di un plasma. Tesi di laurea$9925623 997 $aUNISALENTO 998 $ale013$b01-01-93$cm$da $e-$feng$gxx $h0$i1